Statistics for Name a Valid Capital

Click here to take the quiz!

General Stats

  • This quiz has been taken 18,855 times
  • The average score is 12 of 18

Answer Stats

Name a capital that ... Answer % Correct
Is further north than MoscowReykjavik | Helsinki | Oslo | + 3 others
98%
Is within 15 kilometers of the MediterraneanAlgiers | Athens | Rome | + 5 others
97%
Is in Central AmericaGuatemala City | Panama City | San José | + 4 others
91%
Starts with the letter JJakarta | Juba | Jerusalem
84%
Is capital of one of the Baltic RepublicsRiga | Tallinn | Vilnius
81%
Is more than 1200 km from any other capitalCanberra | Wellington | Reykjavik | Brasilia | +7 others
81%
Was the capital of a sovereign nation in 1 A.D.Rome
73%
Is more than 850 km from the seaBishkek | Tashkent | Nur-Sultan | + 13 others
70%
Starts with "Port"Port Moresby | Port-au-Prince | Port-of-Spain | + 3 others
69%
Has an elevation over 2500 metersLa Paz | Quito | Sucre | Thimphu | Bogotá
68%
Is on the Persian GulfKuwait City | Doha | Abu Dhabi | Manama
65%
Is the capital of a country in Oceania other than
Australia and New Zealand
Apia | Honiara | Port Moresby | + 9 others
57%
Has only one syllableBern | Minsk | Prague | Rome | Seoul
57%
Is within 2° degrees of latitude from the equatorQuito | Kampala | Singapore | + 4 others
53%
Was not the capital city of a sovereign state in 1995Dili | Gitega | Juba | Naypyidaw | Nur-Sultan | + 3 others
53%
Gets less than 8 cm of precipitation per yearLima | Cairo | Abu Dhabi | Manama | Doha
47%
Is named for a person born after 1500 A.D.
who is not George Washington
Monrovia | Nur-Sultan | Wellington | + 6 others
45%
Sits on a lake or inland sea that is larger
than 3000 km2
Baku | Kampala
39%

Score Distribution

Percentile by Number Answered

Percent of People with Each Score

Your Score History

You have not taken this quiz